| 000 | 00374pam a2200157a 44500 | ||
|---|---|---|---|
| 008 | 230515b2008 xxu||||| |||| 00| 0 eng d | ||
| 020 | _aNULL | ||
| 041 | _aENGLISH | ||
| 082 | _a621.38 | ||
| 100 | _aSTANLEY D WILLIAM | ||
| 245 | _aELECTRONIC COMMUNICATIONS PRINCIPLES AND SYSTEMS | ||
| 250 | _a0 | ||
| 260 |
_a _bDELMAR PUB _c2008 |
||
| 300 | _a702P | ||
| 650 | _aNULL | ||
| 999 |
_c591365 _d591365 |
||